Top 100 des meilleurs saisons NBA au scoring - Statistiques

Statistiques générales
  • Ce quiz a été pris 538 fois
  • Le résultat moyen est 60 sur 100
Statistiques - réponses
Points Joueur Equipe Saison % Correct
4029 Wilt Chamberlain Philadelphie Warriors 1961-62
98%
2832 Kobe Bryant Los Angeles Lakers 2005-06
93%
3041 Michael Jordan Chicago Bulls 1986-87
93%
2868 Michael Jordan Chicago Bulls 1987-88
92%
3586 Wilt Chamberlain San Francisco Warriors 1962-63
91%
3033 Wilt Chamberlain Philadelphie Warriors 1960-61
91%
2948 Wilt Chamberlain San Francisco Warriors 1963-64
90%
2818 James Harden Houston Rockets 2018-19
89%
2753 Michael Jordan Chicago Bulls 1989-90
88%
2822 Kareem Abdul-Jabbar Milwaukee Bucks 1971-72
85%
2580 Michael Jordan Chicago Bulls 1990-91
83%
2541 Michael Jordan Chicago Bulls 1992-93
83%
2593 Kevin Durant Oklahoma City Thunder 2013-14
82%
2633 Michael Jordan Chicago Bulls 1988-89
82%
2558 Russell Westbrook Oklahoma City Thunder 2016-17
82%
2461 Kobe Bryant Los Angeles Lakers 2002-03
81%
2478 LeBron James Cleveland Cavaliers 2005-06
81%
2491 Michael Jordan Chicago Bulls 1995-96
80%
2376 James Harden Houston Rockets 2015-16
79%
2472 Kevin Durant Oklahoma City Thunder 2009-10
79%
2430 Kobe Bryant Los Angeles Lakers 2006-07
79%
2375 Stephen Curry Golden State Warriors 2015-16
79%
2707 Wilt Chamberlain Philadelphie Warriors 1959-60
79%
2356 James Harden Houston Rockets 2016-17
78%
2596 Kareem Abdul-Jabbar Milwaukee Bucks 1970-71
78%
2402 Michael Jordan Chicago Bulls 1991-92
78%
2357 Michael Jordan Chicago Bulls 1997-98
78%
2386 Dwyane Wade Miami Heat 2008-09
77%
2335 James Harden Houston Rockets 2019-20
77%
2323 Kobe Bryant Los Angeles Lakers 2007-08
77%
2431 Michael Jordan Chicago Bulls 1996-97
77%
2534 Wilt Chamberlain San Francisco Warriors / Philadelphie 76ers 1964-65
77%
2540 Karl Malone Utah Jazz 1989-90
76%
2304 LeBron James Cleveland Cavaliers 2008-09
75%
2313 Michael Jordan Chicago Bulls 1984-85
75%
2344 Shaquille O'Neal Los Angeles Lakers 1999-00
75%
2377 Allen Iverson Philadelphie 76ers 2005-06
74%
2280 Kevin Durant Oklahoma City Thunder 2012-13
74%
2382 Karl Malone Utah Jazz 1990-91
73%
2649 Wilt Chamberlain Philadelphie 76ers 1965-66
72%
2302 Allen Iverson Philadelphie 76ers 2004-05
71%
2262 Allen Iverson Philadelphie 76ers 2002-03
71%
2361 Kareem Abdul-Jabbar Milwaukee Bucks 1969-70
71%
2295 Larry Bird Boston Celtics 1984-85
71%
2383 David Robinson San Antonio Spurs 1993-94
70%
2272 Karl Malone Utah Jazz 1991-92
70%
2268 Karl Malone Utah Jazz 1987-88
70%
2275 Larry Bird Boston Celtics 1987-88
70%
2377 Shaquille O'Neal Orlando Magic 1993-94
70%
2292 Karrem Abdul-Jabbar Milwaukee Bucks 1972-73
69%
2315 Shaquille O'Neal Orlando Magic 1994-95
69%
2326 Karl Malone Utah Jazz 1988-89
68%
2347 Patrick Ewing New York Knicks 1989-90
67%
2397 Dominique Wilkins Atlanta Hawks 1987-88
59%
2366 Dominique Wilkins Atlanta Hawks 1985-86
59%
2476 Jerry West Los Angeles Lakers 1965-66
59%
2310 Jerry West Los Angeles Lakers 1961-62
58%
2407 Tracy McGrady Orlando Magic 2002-03
58%
2294 Dominique Wilkins Atlanta Hawks 1986-87
57%
2309 Jerry West Los Angeles Lakers 1969-70
57%
2292 Jerry West Los Angeles Lakers 1964-65
57%
2275 Kareem Abdul-Jabbar Los Angeles Lakers 1975-76
54%
2538 Elgin Baylor Los Angeles Lakers 1960-61
53%
2585 George Gervin San Antonio Spurs 1979-80
53%
2551 George Gervin San Antonio Spurs 1981-82
53%
2719 Elgin Baylor Los Angeles Lakers 1962-63
51%
2365 George Gervin San Antonio Spurs 1978-79
50%
2480 Oscar Robertson Cincinnati Royals 1963-64
50%
2338 John Havlicek Boston Celtics 1970-71
49%
2432 Oscar Robertson Cincinnati Royals 1961-62
49%
2429 Bob Pettit St. Louis Hawks 1961-62
48%
2412 Oscar Robertson Cincinnati Royals 1966-67
48%
2279 Oscar Robertson Cincinnati Royals 1964-65
47%
2414 Alex English Denver Nuggets 1985-86
46%
2345 Alex English Denver Nuggets 1986-87
46%
2378 Oscar Robertson Cincinnati Royals 1965-66
46%
2326 Alex English Denver Nuggets 1982-83
45%
2264 Oscar Robertson Cincinnati Royals 1962-63
45%
2262 Alex English Denver Nuggets 1984-85
44%
2346 Gilbert Arenas Washington Wizards 2005-06
44%
2450 Rick Barry Golden State Warriors 1974-75
41%
2831 Bob McAdoo Buffalo Braves 1974-75
38%
2264 Charles Barkley Philadelphie 76ers 1987-88
38%
2775 Rick Barry San Francisco Warriors 1966-67
38%
2520 Moses Malone Houston Rockets 1981-82
31%
2427 Bob McAdoo Buffalo Braves 1975-76
30%
2457 Adrian Dantley Utah Jazz 1981-82
25%
2452 Adrian Dantley Utah Jazz 1980-81
25%
2418 Adrian Dantley Utah Jazz 1983-84
25%
2267 Adrian Dantley Utah Jazz 1985-86
24%
2273 Pete Maravich New Orleans Jazz 1976-77
24%
2330 Mark Aguirre Dallas Mavericks 1983-84
18%
2719 Tiny Archibald Kansas City-Omaha Kings 1972-73
15%
2350 Elvin Hayes San Diego Rockets 1970-71
14%
2327 Elvin Hayes San Diego Rockets 1968-69
13%
2380 Jerry Stackhouse Detroit Pistons 2000-01
12%
2295 Kiki Vandeweghe Denver Nuggets 1983-84
9%
2495 Walt Bellamy Chicago Packers 1961-62
7%
2303 Richie Guerin New York Knicks 1961-62
5%
2338 Jack Twyman Cincinnati Royals 1959-60
4%
Aucun quiz correspondant
Distribution des résultats
% des personnes avec chaque résultat
Percentile par nombre de réponses
Votre historique - résultats
Vous n’avez pas pris ce quiz